000 00653nam a2200217Ii 4500
001 14679
003 CO-ViMGA
008 241108s9999||||xx |||||||||||||| ||und||
020 _a9586926591
040 _aCO-ViMGA
_bspa
_erda
_cCO-ViMGA
041 0 _aspa
082 0 4 _a155.520 P65e
100 1 _aEliana Pommé
_946378
245 1 0 _aEmbarazo en la adolescencia :
_bhistoria para comprender tu propia historia
264 1 _aBogotá, Colombia : San Pablo, 2007
300 _avolumen
336 _atext
_btxt
_2rdacontent
337 _aunmediated
_bn
_2rdamedia
338 _avolume
_bnc
_2rdacarrier
940 _aidficha_siabuc: 14371. -- ficha_no_siabuc:14679
999 _c40944
_d40944